Entry Personal Name
Number of records used in: 1
001 - CONTROL NUMBER
003 - CONTROL NUMBER IDENTIFIER
005 - DATE AND TIME OF LATEST TRANSACTION
- control field:
20221108143128.0
008 - FIXED-LENGTH DATA ELEMENTS
- fixed length control field:
081219n| acannaabn |n aaa
010 ## - LIBRARY OF CONGRESS CONTROL NUMBER
- LC control number:
no2008187833
035 ## - SYSTEM CONTROL NUMBER
- System control number:
(OCoLC)oca07970512
040 ## - CATALOGING SOURCE
- Original cataloging agency:
DNAL
- Language of cataloging:
eng
- Transcribing agency:
DNAL
100 1# - HEADING--PERSONAL NAME
- Personal name:
Vanderpoorten, Alain
670 ## - SOURCE DATA FOUND
- Source citation:
Introduction to bryophytes, 2009:
- Information found:
CIP t.p. (Alain Vanderpoorten)